| Record ID | ia:u2touchflameillu0000park |
| Source | Internet Archive |
| Download MARC XML | https://archive.org/download/u2touchflameillu0000park/u2touchflameillu0000park_marc.xml |
| Download MARC binary | https://www.archive.org/download/u2touchflameillu0000park/u2touchflameillu0000park_meta.mrc |
LEADER: 00936 am a2200313ua 4500
001 007400432
003 Uk
005 20120420121934.0
008 880210s1987 enkac || 000 ||eng
015 $aGB8814524$2bnb
019 y $ab8814524
019 9 $a0711912335
019 1 $a0711912335
020 $a0711912335 (pbk) :$c£7.95
039 0 $a1976
040 $aUk$cUk
050 00 $aML421.U/
082 04 $a784.5/4/00922$219
100 1 $aParkyn, Geoff.
245 10 $aU2 touch the flame :$ban illustrated documentary /$cby Geoff Parkyn.
260 $aLondon :$bOmnibus,$cc1987.
300 $a96p. :$bill(some col.), ports.(some col.) ;$c30cm.
336 $atext$2rdacontent
337 $aunmediated$2rdamedia
338 $avolume$2rdacarrier
504 $aList of sound recordings: p86-89.
610 20 $aU2 (Musical group)$xHistory.
653 $aRock music$aU2 (Musical group), to 1985
852 41 $aBritish Library$bHMNTS$jLB.31.b.3351